000 00888nam a22002057a 4500
003 BUBTL
008 230302b ||||| |||| 00| 0 eng d
020 _a9789845026659
082 _a954.925/ H26b/ 2020
100 _95198
_aহারুন-অর-রশিদ
245 _aভাষা আন্দোলনে বঙ্গবন্ধুর ভূমিকা/
_cহারুন-অর-রশিদ
250 _a1st Edn.
260 _aঢাকা :
_bঅন্যপ্রকাশ,
_cc2020
300 _a184 p.:
_c22.5 cm
505 _aভাষা আন্দোলন, ভাষা আন্দোলনে বঙ্গবন্ধুর ভূমিকা, বঙ্গবন্ধু, হারুন-অর-রশিদ
650 0 _93574
_aবঙ্গবন্ধু
856 _k0
_l0
_yDownload
942 _2ddc
_cBK
999 _c6960
_d6960